000 00311nam a22001337a 4500
008 180226b xxu||||| |||| 00| 0 eng d
020 _a9781929610822
041 _aeng
080 _a37
100 _a25
101 _aEDU
245 _aMAKE EARLY LEARNING STANDARDS COME ALIVE
_cGAYE.G
942 _2udc
_cBK
999 _c43520
_d43520